000 00399cam a22001337a 4500
008 180718b1956 xxu||||| |||| 00| 0 eng d
082 _aG9 M473
100 _aMegarry, R.E.
245 _aMiscellany-at-law: a diversion for lawyers and others
_cby R.E. Megarry
260 _aLondon
_bSevens
_c1956
300 _a415p.
650 _aLaw --Anecdotes, facetiae, satire, etc.
650 _aLaw --Miscellanea
999 _c373744
_d373744